MARC

LEADER 00000nam0a2200000 4500
001 275079
005 20231101234805.0
020 |a RU  |b 85-85464 
035 |a (RuTPU)RU\TPU\book\298310 
090 |a 275079 
100 |a 20141111d1985 m y0rusy5003 ca 
101 0 |a rus 
102 |a RU 
105 |a y j 000zy 
200 1 |a Основы экономики и планирования капитального строительства  |e учебник для вузов  |f сост. В. Н. Мосин 
210 |a Москва  |c Экономика  |d 1985 
215 |a 248 с. 
606 1 |a Капитальное строительство  |x Экономическая эффективность  |2 stltpush  |3 (RuTPU)RU\TPU\subj\13795  |9 40357 
610 1 |a экономика 
610 1 |a учебники 
610 1 |a планирование 
610 1 |a научно-технический прогресс 
610 1 |a строительный комплекс 
610 1 |a капитальные вложения 
675 |a 69:658.152(075.8)  |z rus  |v 3 
702 1 |a Мосин  |b В. Н.  |g Василий Никифорович  |4 220 
801 0 |a RU  |b RuMRKP  |c 19950704  |g psbo 
801 1 |a RU  |b 63413507  |c 20141111 
801 2 |a RU  |b 63413507  |c 20170125  |g RCR 
942 |c BK